01528nam a2200253 a 450000100100000000500170001000800410002704000250006808200200009310000400011324500540015326000510020730000270025859000260028565000280031165000310033991000390037095202000040995201320060995201320074195201900087395201960106399900150125900001020720240412074216.0091005s1973 dr a 000 p spa d aDO-SdBNPbspacBNPHU aRD861. 5bH557i1 aHernández-Mejía, Edgardo92520710aImágenes del litoral /cE. Hernández-Mejía. aSanto Domingo :bTaller de Impresiones,c1973. a45 p. :bil. ;c21 cm. aInventariado, 2018/LP 0aPoesía dominicana966 0aLiteratura dominicana.967 aValidado. Control de calidad BNPHU 001054708DSaGRbGRcHDd2009-10-05iLF1l0oRD861.5 H557ip10207-30r2020-06-25te. 3w2020-06-25yLFDSzPerteneció a la biblioteca personal de Carlos Larrabazal Blanco.ZPréstamo en sala 001054708DSaGRbGRcHDd2009-10-05iLF1l0oRD861.5 H557ip10207-40r2020-06-25te. 4w2020-06-25yLFDSZPréstamo en sala 001054708DSaGRbGRcHDd2009-10-05iLF1l0oRD861.5 H557ip10207-50r2020-06-25te. 5w2020-06-25yLFDSZPréstamo en sala 0010718PDaPDbPDcHDd2009-10-05iLF1l0oRD861.5 H557ip10207-10r2020-06-25w2020-06-25yLFPDzPerteneció a la biblioteca personal de Juan Isidro Jimenes Grullón.ZNo se presta 0010718PDaPDbPDcHDd2009-10-05iLF1l0oRD861.5 H557ip10207-20r2020-06-25te. 2w2020-06-25yLFPDzPerteneció a la biblioteca personal de Aída Cartagena Portalatín.ZNo se presta c9966d9966